[Event "St Petersburg Blockade op"]
[Site "St Petersburg"]
[Date "2013.01.09"]
[Round "7"]
[White "Lagashin, Pavel"]
[Black "Rutman, Aleksandr"]
[Result "0-1"]
[WhiteElo "2086"]
[BlackElo "2173"]
[PlyCount "56"]
[EventDate "2013.01.03"]
[EventType "swiss"]
[EventRounds "9"]
[EventCountry "RUS"]
[SourceTitle "CBM 152 Extra"]
[Source "ChessBase"]
[SourceDate "2013.02.25"]
[SourceVersion "1"]
[SourceVersionDate "2013.02.25"]
[SourceQuality "1"]

1. e4 e5 2. Nf3 Nc6 3. Bc4 Nf6 4. Ng5 d5 5. exd5 Na5 6. Bb5+ c6 7. dxc6 bxc6 8. Qf3 Rb8 9. Bd3 h6 10. Ne4 Nd5 11. Ng3 g6 12. c3 Bg7 13. b4 Nb7 14. b5 Nf4 15. Be4 cxb5 16. Ba3 f5 17. Bc6+ Kf7 18. 0-0 Na5 19. d4 Nxc6 20. Qxc6 Bb7 21. Qd6 Bxg2 22. Re1 Rb6 23. Qxd8 Rxd8 24. dxe5 Bxe5 25. h4 Re6 26. h5 Bc6 27. hxg6+ Rxg6 28. Bb4 Nd3 0-1

[Event "St Petersburg Blockade op"]
[Site "St Petersburg"]
[Date "2013.01.08"]
[Round "6"]
[White "Rutman, Aleksandr"]
[Black "Karasev, Vladimir I"]
[Result "0-1"]
[WhiteElo "2173"]
[BlackElo "2366"]
[PlyCount "46"]
[EventDate "2013.01.03"]
[EventType "swiss"]
[EventRounds "9"]
[EventCountry "RUS"]
[SourceTitle "CBM 152 Extra"]
[Source "ChessBase"]
[SourceDate "2013.02.25"]
[SourceVersion "1"]
[SourceVersionDate "2013.02.25"]
[SourceQuality "1"]

1. e4 c5 2. Nf3 e6 3. d4 cxd4 4. Nxd4 Qb6 5. Nb3 Qc7 6. Nc3 a6 7. g3 b5 8. a3 Bb7 9. Bg2 Nf6 10. 0-0 d6 11. f4 Nbd7 12. Re1 e5 13. Nd5 Bxd5 14. exd5 Be7 15. fxe5 Nxe5 16. Nd4 0-0 17. Nf5 g6 18. Nd4 Rfe8 19. Bf4 Bf8 20. h3 Bg7 21. Nc6 Nc4 22. b3 Rxe1+ 23. Qxe1 Re8 0-1

[Event "St Petersburg White Nights op"]
[Site "St Petersburg"]
[Date "2012.06.05"]
[Round "4"]
[White "Rutman, Aleksandr"]
[Black "Chuprova, Irina"]
[Result "1-0"]
[WhiteElo "2194"]
[BlackElo "1887"]
[PlyCount "73"]
[EventDate "2012.06.02"]
[EventType "swiss"]
[EventRounds "9"]
[EventCountry "RUS"]
[SourceTitle "CBM 148 Extra"]
[Source "ChessBase"]
[SourceDate "2012.06.22"]
[SourceVersion "1"]
[SourceVersionDate "2012.06.22"]
[SourceQuality "1"]

1. d4 d5 2. c4 e6 3. Nc3 c5 4. cxd5 cxd4 5. Qa4+ Bd7 6. Qxd4 exd5 7. Qxd5 Nc6 8. Nf3 Nf6 9. Qd1 Bc5 10. e3 Qe7 11. Be2 0-0-0 12. 0-0 Bg4 13. Nd4 Ne5 14. Qc2 Kb8 15. b4 Bxd4 16. exd4 Nc6 17. Bf4+ Ka8 18. Bxg4 Nxg4 19. d5 Qxb4 20. dxc6 Qxf4 21. cxb7+ Kb8 22. g3 Qh6 23. h4 g5 24. Qa4 Ne5 25. Nb5 Nf3+ 26. Kg2 Nxh4+ 27. gxh4 Qc6+ 28. Kg1 a6 29. Nc3 Qf3 30. Qe4 Qxc3 31. Rac1 Qf6 32. Rc8+ Rxc8 33. bxc8Q+ Kxc8 34. Rc1+ Kd8 35. Qa8+ Ke7 36. Rc7+ Ke6 37. Qe4+ 1-0

[Event "St Petersburg White Nights op"]
[Site "St Petersburg"]
[Date "2012.06.04"]
[Round "3"]
[White "Mylnikov, Mikhail"]
[Black "Rutman, Aleksandr"]
[Result "1/2-1/2"]
[WhiteElo "1817"]
[BlackElo "2194"]
[PlyCount "51"]
[EventDate "2012.06.02"]
[EventType "swiss"]
[EventRounds "9"]
[EventCountry "RUS"]
[SourceTitle "CBM 148 Extra"]
[Source "ChessBase"]
[SourceDate "2012.06.22"]
[SourceVersion "1"]
[SourceVersionDate "2012.06.22"]
[SourceQuality "1"]

1. e4 e5 2. Nf3 Nc6 3. d4 exd4 4. Nxd4 Nf6 5. Nxc6 bxc6 6. Bd3 d5 7. exd5 cxd5 8. 0-0 Be7 9. Be3 0-0 10. c4 Be6 11. cxd5 Nxd5 12. Bd2 Rb8 13. Qc2 Bf6 14. Bc3 Nb4 15. Bxb4 Rxb4 16. Nc3 g6 17. Rad1 Qe7 18. b3 Rd8 19. Rfe1 Bg7 20. Nb5 c5 21. Bc4 Rxd1 22. Qxd1 a6 23. Bxe6 fxe6 24. Qd6 Qxd6 25. Nxd6 a5 26. g3 1/2-1/2

[Event "St Petersburg Blockade op"]
[Site "St Petersburg"]
[Date "2012.01.05"]
[Round "3"]
[White "Rutman, Aleksandr"]
[Black "Bakhtin, Alexander"]
[Result "1-0"]
[WhiteElo "2198"]
[BlackElo "1763"]
[PlyCount "117"]
[EventDate "2012.01.03"]
[EventType "swiss"]
[EventRounds "9"]
[EventCountry "RUS"]
[SourceTitle "EXT 2014"]
[Source "ChessBase"]
[SourceDate "2013.11.20"]
[SourceVersion "1"]
[SourceVersionDate "2013.11.20"]
[SourceQuality "1"]

1. e4 e5 2. Nf3 Nc6 3. Bb5 a6 4. Ba4 Nf6 5. 0-0 b5 6. Bb3 Be7 7. d4 exd4 8. e5 Ne4 9. Bd5 Nc5 10. Nxd4 Bb7 11. Nf5 0-0 12. Qg4 g6 13. Bh6 Nxe5 14. Nxe7+ Qxe7 15. Bxf8 Kxf8 16. Qd1 c6 17. Bf3 d5 18. Nd2 Qf6 19. c3 Re8 20. Be2 Qe6 21. Re1 Qf6 22. Nf3 Bc8 23. Nxe5 Rxe5 24. Bf3 Rg5 25. Qd2 Ne6 26. Re3 Nf4 27. Qd4 Qxd4 28. cxd4 Bh3 29. g3 Ne6 30. Rd1 Kg7 31. Rc3 Nd8 32. Bg2 Bxg2 33. Kxg2 Rf5 34. Rf3 Kf6 35. Rc1 h5 36. Rcc3 a5 37. a4 bxa4 38. Rc5 Ne6 39. Rxc6 Kg5 40. h4+ Kg4 41. Rxf5 Kxf5 42. Ra6 Nxd4 43. Rxa5 Ke4 44. Rxa4 Ke5 45. f3 Nc6 46. Kf2 d4 47. Ke2 Kd5 48. Ra6 Nb4 49. Rf6 Kc4 50. Rxf7 Kb3 51. Rb7 Kc4 52. Rxb4+ Kxb4 53. Kd3 Kc5 54. b4+ Kd5 55. b5 Kc5 56. b6 Kxb6 57. Kxd4 Kc6 58. Ke5 Kd7 59. Kf6 1-0

[Event "St Petersburg White Nights op"]
[Site "St Petersburg"]
[Date "2011.06.09"]
[Round "3"]
[White "Rutman, Aleksandr"]
[Black "Kazakevich, Grigoriy"]
[Result "1-0"]
[WhiteElo "2196"]
[BlackElo "2112"]
[PlyCount "97"]
[EventDate "2011.06.07"]
[EventType "swiss"]
[EventRounds "9"]
[EventCountry "RUS"]
[SourceTitle "EXT 2012"]
[Source "ChessBase"]
[SourceDate "2011.11.24"]
[SourceVersion "1"]
[SourceVersionDate "2011.11.24"]
[SourceQuality "1"]

1. e4 c6 2. d4 d5 3. Nc3 dxe4 4. Nxe4 Nd7 5. Nf3 Ngf6 6. Ng3 e6 7. Bd3 Be7 8. 0-0 0-0 9. Qe2 Re8 10. Bf4 Nf8 11. Rad1 Nd5 12. Bc1 Ng6 13. Ne5 Bd6 14. f4 Nb4 15. Bc4 Nd5 16. Ne4 Be7 17. c3 f5 18. Nxg6 hxg6 19. Nf2 Bf6 20. Nd3 Bd7 21. Kh1 Kf7 22. g4 fxg4 23. Ne5+ Bxe5 24. fxe5+ Kg8 25. Qxg4 Rf8 26. Bd3 Ne7 27. Bg5 Qe8 28. Rxf8+ Qxf8 29. Bxe7 Qxe7 30. Qxg6 Qh4 31. Rg1 Qh8 32. Rg5 Be8 33. Qxe6+ Bf7 34. Qg4 Qh6 35. Bf5 Bxa2 36. e6 Re8 37. h4 Bxe6 38. Bxe6+ Rxe6 39. Rxg7+ Qxg7 40. Qxe6+ Kh7 41. Kh2 Qc7+ 42. Kh3 Qf4 43. h5 Qf3+ 44. Kh4 Qf2+ 45. Kg5 Qd2+ 46. Kf6 Qh6+ 47. Ke7 Qg5+ 48. Qf6 Qxh5 49. Qf7+ 1-0

[Event "St Petersburg White Nights op"]
[Site "St Petersburg"]
[Date "2011.06.08"]
[Round "2"]
[White "Kudrjavich, Dmitry"]
[Black "Rutman, Aleksandr"]
[Result "1/2-1/2"]
[WhiteElo "1962"]
[BlackElo "2196"]
[PlyCount "38"]
[EventDate "2011.06.07"]
[EventType "swiss"]
[EventRounds "9"]
[EventCountry "RUS"]
[SourceTitle "EXT 2012"]
[Source "ChessBase"]
[SourceDate "2011.11.24"]
[SourceVersion "1"]
[SourceVersionDate "2011.11.24"]
[SourceQuality "1"]

1. d4 Nf6 2. c4 e6 3. Nc3 Bb4 4. e3 c5 5. Bd3 0-0 6. Nge2 d5 7. a3 cxd4 8. exd4 dxc4 9. Bxc4 Be7 10. h3 a6 11. 0-0 b5 12. Ba2 Bb7 13. Bf4 Nbd7 14. d5 Nxd5 15. Nxd5 Bxd5 16. Bxd5 exd5 17. Qxd5 Nc5 18. Rad1 Qxd5 19. Rxd5 Rfd8 1/2-1/2

[Event "St Petersburg Blockade op"]
[Site "St Petersburg"]
[Date "2011.01.11"]
[Round "9"]
[White "Petrov, Valentin1"]
[Black "Rutman, Aleksandr"]
[Result "1/2-1/2"]
[WhiteElo "2119"]
[BlackElo "2164"]
[PlyCount "49"]
[EventDate "2011.01.03"]
[EventType "swiss"]
[EventRounds "9"]
[EventCountry "RUS"]
[SourceTitle "CBM 140 Extra"]
[Source "ChessBase"]
[SourceDate "2011.03.01"]
[SourceVersion "1"]
[SourceVersionDate "2011.03.01"]
[SourceQuality "1"]

1. d4 d5 2. c4 c6 3. Nf3 Nf6 4. Nc3 e6 5. e3 Nbd7 6. Qc2 Bd6 7. Bd2 0-0 8. 0-0-0 c5 9. e4 cxd4 10. Nxd4 Nb6 11. Bg5 h6 12. Bh4 e5 13. Ndb5 d4 14. f4 a6 15. fxe5 axb5 16. Rxd4 Bxe5 17. Rxd8 Rxd8 18. c5 b4 19. Nd1 Rxa2 20. Kb1 b3 21. Qxb3 Be6 22. Qxe6 fxe6 23. Kxa2 Rxd1 24. Bxf6 gxf6 25. cxb6 1/2-1/2

[Event "St Petersburg Blockade op"]
[Site "St Petersburg"]
[Date "2011.01.07"]
[Round "5"]
[White "Rutman, Aleksandr"]
[Black "Belenkaya, Dina"]
[Result "1-0"]
[WhiteElo "2164"]
[BlackElo "2092"]
[PlyCount "89"]
[EventDate "2011.01.03"]
[EventType "swiss"]
[EventRounds "9"]
[EventCountry "RUS"]
[SourceTitle "CBM 140 Extra"]
[Source "ChessBase"]
[SourceDate "2011.03.01"]
[SourceVersion "1"]
[SourceVersionDate "2011.03.01"]
[SourceQuality "1"]

1. e4 c5 2. Nf3 Nc6 3. d4 cxd4 4. Nxd4 Nf6 5. Nc3 d6 6. Bg5 e6 7. Qd2 a6 8. 0-0-0 Bd7 9. f4 h6 10. Bh4 Nxe4 11. Qe1 Nf6 12. Nf5 Qa5 13. Nxd6+ Bxd6 14. Rxd6 0-0-0 15. Rd1 Qc7 16. Kb1 Ne7 17. Bd3 Bc6 18. Qe5 Ned5 19. Nxd5 Rxd5 20. Qc3 Ne8 21. Be4 Rd7 22. Bxc6 bxc6 23. Rxd7 Qxd7 24. Kc1 Qc7 25. Qc4 Qb7 26. Rd1 Nf6 27. Qd4 Qe7 28. Qb6 Qb7 29. Qxb7+ Kxb7 30. Bxf6 gxf6 31. Rd7+ Kb6 32. Rxf7 e5 33. Rxf6 exf4 34. Rxf4 Rg8 35. g3 Kc5 36. Rf6 Rh8 37. Rf5+ Kd4 38. h3 Ke3 39. b3 Rh7 40. Kb2 Kd4 41. g4 Ke4 42. Rh5 Kd4 43. g5 Ke5 44. Rxh6 Rc7 45. h4 1-0

[Event "St Petersburg Blockade op"]
[Site "St Petersburg"]
[Date "2011.01.05"]
[Round "3"]
[White "Churkin, Vitaly"]
[Black "Rutman, Aleksandr"]
[Result "0-1"]
[WhiteElo "2313"]
[BlackElo "2164"]
[PlyCount "54"]
[EventDate "2011.01.03"]
[EventType "swiss"]
[EventRounds "9"]
[EventCountry "RUS"]
[SourceTitle "CBM 140 Extra"]
[Source "ChessBase"]
[SourceDate "2011.03.01"]
[SourceVersion "1"]
[SourceVersionDate "2011.03.01"]
[SourceQuality "1"]

1. d4 d5 2. c4 c6 3. Nc3 Nf6 4. e3 e6 5. Nf3 Nbd7 6. Bd3 dxc4 7. Bxc4 b5 8. Bd3 b4 9. Ne4 Nxe4 10. Bxe4 Bb7 11. 0-0 Bd6 12. a3 bxa3 13. b3 0-0 14. Bxa3 Bxa3 15. Rxa3 f5 16. Bd3 c5 17. Bc4 Qe7 18. dxc5 Nxc5 19. b4 Ne4 20. Qb3 Rf6 21. g3 Kh8 22. Rfa1 Nxg3 23. Rxa7 Rxa7 24. Rxa7 Ne4 25. Qa4 h6 26. Qc6 Qd8 27. Qa4 Nc3 0-1

[Event "St Petersburg White Nights op"]
[Site "St Petersburg"]
[Date "2010.06.22"]
[Round "7"]
[White "Rutman, Aleksandr"]
[Black "Tarasov, Ilya"]
[Result "1/2-1/2"]
[WhiteElo "2178"]
[BlackElo "1880"]
[PlyCount "88"]
[EventDate "2010.06.16"]
[EventType "swiss"]
[EventRounds "9"]
[EventCountry "RUS"]
[SourceTitle "EXT 2011"]
[Source "ChessBase"]
[SourceDate "2010.11.26"]
[SourceVersion "1"]
[SourceVersionDate "2010.11.26"]
[SourceQuality "1"]

1. e4 d6 2. d4 Nf6 3. f3 g6 4. c4 e5 5. d5 Bg7 6. Nc3 Nbd7 7. Bd3 0-0 8. Nge2 Nh5 9. Be3 f5 10. Qd2 Nc5 11. Bc2 fxe4 12. Nxe4 Nxe4 13. Bxe4 Qf6 14. Nc3 Qh4+ 15. Qf2 Qxf2+ 16. Kxf2 Nf6 17. Ke2 Bd7 18. Rac1 a6 19. Rhd1 Bf5 20. g4 Bxe4 21. Nxe4 Nxe4 22. fxe4 b6 23. Rf1 a5 24. Rxf8+ Rxf8 25. Rf1 Rxf1 26. Kxf1 Bf6 27. Ke2 Kf7 28. Kd3 Ke8 29. Kc3 Kd7 30. Kb3 g5 31. Ka4 Kc8 32. Kb5 Kb7 33. Bd2 Bd8 34. a3 h6 35. Bc3 Be7 36. c5 Bd8 37. b4 axb4 38. axb4 bxc5 39. bxc5 Be7 40. Bb4 Bf8 41. Ba5 Be7 42. Bc3 Bf6 43. Be1 Be7 44. Bb4 Bf8 1/2-1/2

[Event "St Petersburg White Nights op"]
[Site "St Petersburg"]
[Date "2010.06.18"]
[Round "3"]
[White "Kudrjavich, Dmitry"]
[Black "Rutman, Aleksandr"]
[Result "1/2-1/2"]
[WhiteElo "1935"]
[BlackElo "2178"]
[PlyCount "104"]
[EventDate "2010.06.16"]
[EventType "swiss"]
[EventRounds "9"]
[EventCountry "RUS"]
[SourceTitle "EXT 2011"]
[Source "ChessBase"]
[SourceDate "2010.11.26"]
[SourceVersion "1"]
[SourceVersionDate "2010.11.26"]
[SourceQuality "1"]

1. d4 Nf6 2. c4 g6 3. Nc3 Bg7 4. Bg5 c5 5. e3 0-0 6. Nf3 d6 7. Be2 h6 8. Bxf6 Bxf6 9. 0-0 cxd4 10. exd4 Bg4 11. h3 Bxf3 12. Bxf3 Nc6 13. d5 Na5 14. Be2 Bxc3 15. bxc3 Rc8 16. Qd4 Rc5 17. f4 f5 18. Rab1 b6 19. Rf3 Kh7 20. Bd3 Rf7 21. g4 Qh8 22. gxf5 gxf5 23. Qe3 Nxc4 24. Qe6 Qf6 25. Qxf6 Rxf6 26. Re1 Rf7 27. Rg3 Rc7 28. Re6 Nb2 29. Bb1 Nd1 30. Rgg6 Nxc3 31. Rxh6+ Kg8 32. Reg6+ Rg7 33. Bxf5 Ne2+ 34. Kf2 Nxf4 35. Rxg7+ Kxg7 36. Rh7+ Kf6 37. Be4 Rc4 38. Kf3 e5 39. dxe6 Nxe6 40. Rh6+ Ke5 41. Rh5+ Kd4 42. Rd5+ Kc3 43. Rd3+ Kb4 44. Bd5 Ng5+ 45. Kg3 Rc3 46. Rxc3 Kxc3 47. h4 Nh7 48. Kf4 Kd4 49. Bb3 Nf6 50. Kf5 Ne4 51. Bc2 d5 52. Kf4 Nf6 1/2-1/2

[Event "St Petersburg Blokadny op"]
[Site "St Petersburg"]
[Date "2010.01.06"]
[Round "4"]
[White "Palchun, Grigory"]
[Black "Rutman, Aleksandr"]
[Result "1/2-1/2"]
[WhiteElo "2063"]
[BlackElo "2184"]
[PlyCount "60"]
[EventDate "2010.01.03"]
[EventType "swiss"]
[EventRounds "9"]
[EventCountry "RUS"]
[SourceTitle "CBM 134 Extra"]
[Source "ChessBase"]
[SourceDate "2010.03.03"]
[SourceVersion "1"]
[SourceVersionDate "2010.03.03"]
[SourceQuality "1"]

1. e4 e5 2. Nf3 Nc6 3. Bb5 a6 4. Ba4 Nf6 5. 0-0 b5 6. Bb3 Bb7 7. Re1 Bc5 8. h3 d6 9. c3 Qe7 10. d3 h6 11. Nbd2 g5 12. Nf1 g4 13. hxg4 Nxg4 14. d4 Bb6 15. Ne3 Nxe3 16. Bxe3 Na5 17. dxe5 Bxe3 18. exd6 Bxf2+ 19. Kxf2 Qxd6 20. Qxd6 cxd6 21. Bd5 Bxd5 22. exd5+ Kd7 23. Nd4 Nc4 24. b3 Ne5 25. Rh1 Rac8 26. Rh3 Rc5 27. Kg1 Rxd5 28. Rf1 b4 29. Nf3 Nxf3+ 30. Rfxf3 bxc3 1/2-1/2

[Event "St Petersburg Blokadny op"]
[Site "St Petersburg"]
[Date "2010.01.05"]
[Round "3"]
[White "Rutman, Aleksandr"]
[Black "Smirnov, Artyom"]
[Result "1/2-1/2"]
[WhiteElo "2184"]
[BlackElo "2151"]
[PlyCount "71"]
[EventDate "2010.01.03"]
[EventType "swiss"]
[EventRounds "9"]
[EventCountry "RUS"]
[SourceTitle "CBM 134 Extra"]
[Source "ChessBase"]
[SourceDate "2010.03.03"]
[SourceVersion "1"]
[SourceVersionDate "2010.03.03"]
[SourceQuality "1"]

1. e4 c5 2. Nf3 d6 3. d4 cxd4 4. Nxd4 Nf6 5. Nc3 g6 6. Be3 Bg7 7. f3 0-0 8. Qd2 Nc6 9. Bc4 Bd7 10. 0-0-0 Qa5 11. Bb3 Ne5 12. Bh6 Rfc8 13. Bxg7 Kxg7 14. h4 Nc4 15. Bxc4 Rxc4 16. Nb3 Qe5 17. h5 Nxh5 18. Nd5 Rac8 19. c3 Bc6 20. g4 Bxd5 21. gxh5 Rxc3+ 22. bxc3 Rxc3+ 23. Kb1 Bxb3 24. h6+ Kg8 25. Rc1 Rxc1+ 26. Rxc1 Be6 27. Qb2 Qxb2+ 28. Kxb2 f6 29. Rc7 Kf7 30. Rxb7 a6 31. a4 d5 32. Kc3 dxe4 33. fxe4 Bh3 34. Kd4 g5 35. Ke3 Bf1 36. Rb1 1/2-1/2

[Event "St Petersburg White Nights op"]
[Site "St Petersburg"]
[Date "2009.06.13"]
[Round "5"]
[White "Rutman, Aleksandr"]
[Black "Gorjunov, Sergey"]
[Result "1/2-1/2"]
[WhiteElo "2273"]
[BlackElo "2087"]
[PlyCount "63"]
[EventDate "2009.06.09"]
[EventType "swiss"]
[EventRounds "9"]
[EventCountry "RUS"]
[SourceTitle "EXT 2011"]
[Source "ChessBase"]
[SourceDate "2010.11.26"]
[SourceVersion "1"]
[SourceVersionDate "2010.11.26"]
[SourceQuality "1"]

1. e4 c5 2. Nf3 d6 3. d4 cxd4 4. Nxd4 Nf6 5. Nc3 g6 6. Be3 Bg7 7. f3 0-0 8. Bc4 Nc6 9. Qd2 Qa5 10. 0-0-0 Bd7 11. h4 Ne5 12. Bb3 Rfc8 13. h5 Nxh5 14. Bh6 Rxc3 15. bxc3 Bxh6 16. Qxh6 Nf6 17. Kb1 b5 18. Ne2 Rc8 19. Nf4 Rc5 20. Nd5 Rxd5 21. Rxd5 Qxc3 22. Rdd1 a5 23. Qd2 Qc7 24. a3 Be6 25. Rhe1 Nfd7 26. Re3 Nc4 27. Bxc4 Bxc4 28. f4 Qc5 29. Qd4 Qxd4 30. Rxd4 Nc5 31. g4 Ne6 32. Rxc4 1/2-1/2

[Event "St Petersburg White Nights op"]
[Site "St Petersburg"]
[Date "2009.06.10"]
[Round "2"]
[White "Yudin, Maksim"]
[Black "Rutman, Aleksandr"]
[Result "0-1"]
[WhiteElo "2082"]
[BlackElo "2273"]
[PlyCount "70"]
[EventDate "2009.06.09"]
[EventType "swiss"]
[EventRounds "9"]
[EventCountry "RUS"]
[SourceTitle "EXT 2011"]
[Source "ChessBase"]
[SourceDate "2010.11.26"]
[SourceVersion "1"]
[SourceVersionDate "2010.11.26"]
[SourceQuality "1"]

1. e4 c5 2. Nf3 Nc6 3. d4 cxd4 4. Nxd4 Nf6 5. Nc3 d6 6. Be3 e5 7. Nb3 Be6 8. Be2 Be7 9. 0-0 a5 10. Nd5 0-0 11. f3 a4 12. Nc1 a3 13. b3 Bxd5 14. exd5 Nb4 15. c4 Nd7 16. Nd3 Nxd3 17. Bxd3 f5 18. Qc2 Bg5 19. Qd2 Bxe3+ 20. Qxe3 Nc5 21. Rac1 Qa5 22. g4 fxg4 23. fxg4 Qc7 24. Bb1 Na6 25. Bf5 g6 26. Be6+ Kg7 27. Qh3 Qe7 28. Rxf8 Rxf8 29. Rf1 Rxf1+ 30. Qxf1 Nc5 31. Qf3 Qf6 32. Qg2 e4 33. g5 Qa1+ 34. Qf1 Qxf1+ 35. Kxf1 Nd3 0-1

[Event "St Petersburg op"]
[Site "St Petersburg"]
[Date "2009.01.11"]
[Round "9"]
[White "Gavrilov, Oleg"]
[Black "Rutman, Aleksandr"]
[Result "1-0"]
[WhiteElo "2350"]
[BlackElo "2272"]
[PlyCount "113"]
[EventDate "2009.01.03"]
[EventType "swiss"]
[EventRounds "9"]
[EventCountry "RUS"]
[SourceTitle "EXT 2010"]
[Source "ChessBase"]
[SourceDate "2010.11.25"]
[SourceVersion "1"]
[SourceVersionDate "2010.11.25"]
[SourceQuality "1"]

1. c4 Nf6 2. Nc3 e6 3. e4 d5 4. e5 d4 5. exf6 dxc3 6. fxg7 cxd2+ 7. Bxd2 Bxg7 8. Qc2 Nc6 9. Nf3 Qe7 10. 0-0-0 Bd7 11. Bg5 Bf6 12. Bxf6 Qxf6 13. Qd2 0-0-0 14. Qg5 Qg6 15. Qxg6 hxg6 16. Ng5 Rdf8 17. f4 f6 18. Nf3 e5 19. Bd3 exf4 20. Bxg6 Ne5 21. Be4 Nxc4 22. Bxb7+ Kxb7 23. Rxd7 Ne5 24. Rd4 Rfg8 25. Ne1 Ng6 26. h3 Nh4 27. Rxf4 Nxg2 28. Nxg2 Rxg2 29. Rxf6 Re8 30. Rf3 c5 31. Kb1 Ree2 32. Rb3+ Kc6 33. Rc1 a5 34. a4 Re4 35. Rb5 Rg5 36. Rxa5 Rb4 37. Rc2 Kb6 38. Rb5+ Rxb5 39. axb5 Kxb5 40. Rh2 Kc4 41. Kc2 Kd4 42. Kd2 c4 43. h4 Rb5 44. Kc2 Rh5 45. Rh1 Kc5 46. Kc3 Rf5 47. Rh3 Rh5 48. Rh2 Kb5 49. Kd4 Kb4 50. Rh3 Kb5 51. Ke4 Kc5 52. Kf4 Kd4 53. Kg4 Rh8 54. Rh2 Rg8+ 55. Kf4 Rg1 56. Kf5 Rf1+ 57. Ke6 1-0

[Event "St Petersburg op"]
[Site "St Petersburg"]
[Date "2009.01.07"]
[Round "5"]
[White "Rutman, Aleksandr"]
[Black "Kashtanov, Ruslan"]
[Result "0-1"]
[WhiteElo "2272"]
[BlackElo "2345"]
[PlyCount "70"]
[EventDate "2009.01.03"]
[EventType "swiss"]
[EventRounds "9"]
[EventCountry "RUS"]
[SourceTitle "EXT 2010"]
[Source "ChessBase"]
[SourceDate "2010.11.25"]
[SourceVersion "1"]
[SourceVersionDate "2010.11.25"]
[SourceQuality "1"]

1. e4 c5 2. Nf3 d6 3. d4 Nf6 4. Nc3 cxd4 5. Nxd4 g6 6. Be3 Bg7 7. f3 0-0 8. Qd2 Nc6 9. 0-0-0 d5 10. exd5 Nxd5 11. Nxc6 bxc6 12. Bd4 Nxc3 13. Qxc3 Bh6+ 14. Be3 Bxe3+ 15. Qxe3 Qb6 16. Qxe7 Be6 17. Qa3 Rad8 18. Bd3 Rd5 19. b3 Rfd8 20. Rde1 Rc5 21. Kb1 a5 22. Qb2 a4 23. b4 a3 24. Qxa3 Rb8 25. Re4 Ra5 26. Qc3 Bxa2+ 27. Kc1 Raa8 28. Bc4 Bxc4 29. Rxc4 Ra6 30. Re1 Rba8 31. Qd4 c5 32. Rxc5 Ra1+ 33. Kd2 Rd8 34. Re8+ Rxe8 35. Qxa1 Qd6+ 0-1

[Event "St Petersburg op"]
[Site "St Petersburg"]
[Date "2009.01.06"]
[Round "4"]
[White "Gorjunov, Sergey"]
[Black "Rutman, Aleksandr"]
[Result "0-1"]
[WhiteElo "2096"]
[BlackElo "2272"]
[PlyCount "76"]
[EventDate "2009.01.03"]
[EventType "swiss"]
[EventRounds "9"]
[EventCountry "RUS"]
[SourceTitle "EXT 2010"]
[Source "ChessBase"]
[SourceDate "2010.11.25"]
[SourceVersion "1"]
[SourceVersionDate "2010.11.25"]
[SourceQuality "1"]

1. c4 Nf6 2. Nc3 e6 3. e4 d5 4. e5 Ne4 5. Nxe4 dxe4 6. Qg4 Bd7 7. Qxe4 Bc6 8. Qf4 Bc5 9. Nf3 Bxf3 10. Qxf3 Nc6 11. Be2 Qd4 12. Qe3 Qxe5 13. Qxe5 Nxe5 14. b4 Bxb4 15. Rb1 Nc6 16. a3 Bd6 17. Rxb7 0-0 18. 0-0 Rab8 19. Rxb8 Rxb8 20. d3 Rb3 21. Be3 Bxa3 22. d4 a5 23. Bf3 Nb4 24. Bf4 c6 25. Bc7 a4 26. Bd1 Rc3 27. Bxa4 Rxc4 28. Bd6 Nc2 29. Bb3 Rc3 30. Bxa3 Nxa3 31. Ba4 Nb5 32. Ra1 g6 33. Bxb5 cxb5 34. Kf1 Rc4 35. Ra8+ Kg7 36. Rd8 b4 37. Ke2 b3 38. Kd3 Rb4 0-1

[Event "St Petersburg Mai op"]
[Site "St Petersburg"]
[Date "2008.05.05"]
[Round "5"]
[White "Fedoseev, Sergey"]
[Black "Rutman, Aleksandr"]
[Result "1/2-1/2"]
[WhiteElo "2175"]
[BlackElo "2266"]
[PlyCount "29"]
[EventDate "2008.05.01"]
[EventType "swiss"]
[EventRounds "9"]
[EventCountry "RUS"]
[SourceTitle "CBM 124 Extra"]
[Source "ChessBase"]
[SourceDate "2008.07.03"]
[SourceVersion "1"]
[SourceVersionDate "2008.07.03"]
[SourceQuality "1"]

1. Nf3 Nf6 2. g3 b6 3. Bg2 Bb7 4. 0-0 e6 5. d3 d5 6. Nbd2 Nbd7 7. e4 dxe4 8. Ng5 Be7 9. Ngxe4 Qc8 10. b3 Nxe4 11. Nxe4 0-0 12. Bb2 f5 13. Nd2 Bxg2 14. Kxg2 Bf6 15. Bxf6 1/2-1/2

[Event "St Petersburg Mai op"]
[Site "St Petersburg"]
[Date "2008.05.04"]
[Round "4"]
[White "Andreev, Konstantin"]
[Black "Rutman, Aleksandr"]
[Result "0-1"]
[WhiteElo "2304"]
[BlackElo "2266"]
[PlyCount "54"]
[EventDate "2008.05.01"]
[EventType "swiss"]
[EventRounds "9"]
[EventCountry "RUS"]
[SourceTitle "CBM 124 Extra"]
[Source "ChessBase"]
[SourceDate "2008.07.03"]
[SourceVersion "1"]
[SourceVersionDate "2008.07.03"]
[SourceQuality "1"]

1. d4 Nf6 2. c4 g6 3. Nc3 Bg7 4. e4 d6 5. f4 0-0 6. Nf3 c5 7. d5 e6 8. Be2 exd5 9. cxd5 Bg4 10. 0-0 Nbd7 11. a4 Re8 12. h3 Bxf3 13. Bxf3 a6 14. g4 h6 15. h4 h5 16. g5 Ng4 17. Bxg4 hxg4 18. e5 dxe5 19. f5 gxf5 20. Rxf5 e4 21. Qxg4 Ne5 22. Qxe4 Qd7 23. Rf1 Qh3 24. Qg2 Nf3+ 25. Rxf3 Re1+ 26. Kf2 Bd4+ 27. Kxe1 Qxg2 0-1

[Event "St Petersburg Mai op"]
[Site "St Petersburg"]
[Date "2008.05.01"]
[Round "1"]
[White "Rutman, Aleksandr"]
[Black "Dodonov, Vladimir"]
[Result "1-0"]
[WhiteElo "2266"]
[BlackElo "1959"]
[PlyCount "111"]
[EventDate "2008.05.01"]
[EventType "swiss"]
[EventRounds "9"]
[EventCountry "RUS"]
[SourceTitle "CBM 124 Extra"]
[Source "ChessBase"]
[SourceDate "2008.07.03"]
[SourceVersion "1"]
[SourceVersionDate "2008.07.03"]
[SourceQuality "1"]

1. d4 Nf6 2. c4 g6 3. Nc3 Bg7 4. Nf3 d6 5. g3 0-0 6. Bg2 Nc6 7. 0-0 a6 8. d5 Na5 9. Nd2 c5 10. Rb1 Rb8 11. Qc2 b5 12. b3 Bg4 13. h3 Bf5 14. e4 Bd7 15. f4 Nh5 16. Ne2 f5 17. Bb2 fxe4 18. Bxg7 Nxg7 19. Nxe4 Nf5 20. Qc3 b4 21. Qd3 Qe8 22. g4 Ng7 23. N2g3 Nb7 24. Rbe1 h6 25. Rf2 Rf7 26. Ref1 Qf8 27. Nd2 Rf6 28. Be4 Qf7 29. g5 hxg5 30. fxg5 Rxf2 31. Rxf2 Nf5 32. Nxf5 gxf5 33. Bxf5 Bxf5 34. Rxf5 Qg7 35. Rf2 Rf8 36. Rxf8+ Kxf8 37. Nf3 Qa1+ 38. Qf1 Qxf1+ 39. Kxf1 Nd8 40. Kf2 e6 41. dxe6 Nxe6 42. Ke3 Kg7 43. Ke4 Nc7 44. Nh4 a5 45. Nf5+ Kg6 46. h4 Ne8 47. Kf4 Kh5 48. Kg3 a4 49. bxa4 d5 50. cxd5 c4 51. Ne3 Nd6 52. a5 b3 53. axb3 cxb3 54. Nd1 Ne4+ 55. Kf4 Nd6 56. a6 1-0